Furnishing the mind : concepts and their perceptual basis /

Western philosophy has long been divided between empiricists, who argue that human understanding has its basis in experience, and rationalists, who argue that reason is the source of knowledge. A central issue in the debate is the nature of concepts, the internal representations we use to think abou...

Full description

Bibliographic Details
Main Author: Prinz, Jesse J.
Format: eBook
Language:English
Published: Cambridge, Mass. : MIT Press, ©2002.
©2002
Subjects:
Online Access:Connect to the full text of this electronic book

MARC

Tag First Indicator Second Indicator Subfields
LEADER 00000cam a2200000Ia 4500
001 in00004601421
006 m o d
007 cr cn|||||||||
008 030328s2002 maua ob 001 0 eng d
005 20221121162455.7
035 |a (MaCbMITP)3169 
040 |a OCoLC-P  |b eng  |e pn  |c OCoLC-P 
020 |a 9780262281935  |q (electronic bk.) 
020 |a 0262281937  |q (electronic bk.) 
020 |a 0585435200  |q (electronic bk.) 
020 |a 9780585435206  |q (electronic bk.) 
020 |a 0262162075  |q (electronic bk.) 
020 |a 9780262162074  |q (electronic bk.) 
035 |a (OCoLC)51938059  |z (OCoLC)60819466  |z (OCoLC)251910139  |z (OCoLC)1020530552 
035 |a (OCoLC-P)51938059 
050 4 |a BD418.3  |b .P77 2002eb 
072 7 |a PHI  |x 004000  |2 bisacsh 
082 0 4 |a 121/.4  |2 21 
100 1 |a Prinz, Jesse J. 
245 1 0 |a Furnishing the mind :  |b concepts and their perceptual basis /  |c Jesse J. Prinz. 
260 |a Cambridge, Mass. :  |b MIT Press,  |c ©2002. 
264 4 |c ©2002 
300 |a 1 online resource (x, 358 pages) :  |b illustrations 
336 |a text  |b txt  |2 rdacontent 
337 |a computer  |b c  |2 rdamedia 
338 |a online resource  |b cr  |2 rdacarrier 
500 |a "A Bradford book." 
520 8 |a Western philosophy has long been divided between empiricists, who argue that human understanding has its basis in experience, and rationalists, who argue that reason is the source of knowledge. A central issue in the debate is the nature of concepts, the internal representations we use to think about the world. The traditional empiricist thesis that concepts are built up from sensory input has fallen out of favor. Mainstream cognitive science tends to echo the rationalist tradition, with its emphasis on innateness. In Furnishing the Mind, Jesse Prinz attempts to swing the pendulum back toward empiricism. Prinz provides a critical survey of leading theories of concepts, including imagism, definitionism, prototype theory, exemplar theory, the theory theory, and informational atomism. He sets forth a new defense of concept empiricism that draws on philosophy, neuroscience, and psychology and introduces a new version of concept empiricism called proxytype theory. He also provides accounts of abstract concepts, intentionality, narrow content, and concept combination. In an extended discussion of innateness, he covers Noam Chomsky's arguments for the innateness of grammar, developmental psychologists' arguments for innate cognitive domains, and Jerry Fodor's argument for radical concept nativism. 
588 |a OCLC-licensed vendor bibliographic record. 
650 0 |a Philosophy of mind. 
650 0 |a Concepts. 
650 0 |a Perception. 
650 0 |a Empiricism. 
653 |a PHILOSOPHY/General 
653 |a COGNITIVE SCIENCES/General 
655 7 |a Electronic books.  |2 local 
856 4 0 |u http://proxy.library.tamu.edu/login?url=https://doi.org/10.7551/mitpress/3169.001.0001?locatt=mode:legacy  |z Connect to the full text of this electronic book  |t 0 
955 |a MIT D2O ebooks 
999 f f |s 167aea22-3064-435b-a2dd-2973fbf3bb40  |i 619b3492-0d68-46b7-be62-f741d09920bc  |t 0 
952 f f |a Texas A&M University  |b College Station  |c Electronic Resources  |d Available Online  |t 0  |e BD418.3 .P77 2002eb  |h Library of Congress classification 
998 f f |a BD418.3 .P77 2002eb  |t 0  |l Available Online